00317nam a22001337a 4500003000700000005001700007008004100024082001600065100002300081245002200104260002400126300000800150650002500158MPLRDC20220104144217.0210129b ||||| |||| 00| 0 eng d a297.5 HLCB  a华联出版社编 a奇异的世界c ab华联出版社c b平 a异象奇闻; 奇迹